Principles, practice and design of highway engineering: Including airport pavements (Record no. 312552)

MARC details
000 -LEADER
fixed length control field 00525 a2200193 4500
005 - DATE & TIME
control field 20240221104745.0
008 - FIXED-LENGTH DATA ELEMENTS--GENERAL INFORMATION
fixed length control field 240221b |||||||| |||| 00| 0 eng d
020 ## - ISBN
International Standard Book Number 978121901314
Price Rs. 895.00
040 ## - CATALOGING SOURCE
Original cataloging agency VIVEKANANDA LIBRARY
082 ## - DDC NUMBER
Classification number 625.7
Book Number S23P(3)
100 ## - MAIN ENTRY--PERSONAL NAME
Personal name Sharma, S K
245 ## - TITLE STATEMENT
Title Principles, practice and design of highway engineering: Including airport pavements
250 ## - EDITION STATEMENT
Edition statement 3rd
260 ## - PUBLICATION, DISTRIBUTION, ETC. (IMPRINT)
Name of publisher, distributor, etc S Chand
Place of publication, distribution, etc 2023
Date of publication, distribution, etc Noida
300 ## - PHYSICAL DESCRIPTION
Pages xx, 907
650 ## - Subject
Subject Engineering
650 ## - Subject
Subject Highway Engineering
942 ## - ADDED ENTRY ELEMENTS (KOHA)
Koha item type Books
Holdings
Withdrawn status Lost status Source of classification or shelving scheme Damaged status Not for loan Location (home branch) Sublocation or collection (holding branch) Shelving location Date acquired Koha issues (times borrowed) Koha full call number Accession No. Koha date last seen Koha item type
    Dewey Decimal Classification     VIVEKANANDA LIBRARY VIVEKANANDA LIBRARY UIET Library 20/02/2024 6 625.7 S23P(3) 430238 06/04/2026 Books
    Dewey Decimal Classification     VIVEKANANDA LIBRARY VIVEKANANDA LIBRARY UIET Library 20/02/2024 4 625.7 S23P(3) 430239 31/12/2025 Books
    Dewey Decimal Classification     VIVEKANANDA LIBRARY VIVEKANANDA LIBRARY UIET Library 20/02/2024 7 625.7 S23P(3) 430237 25/02/2026 Books
© Designed and Maintained by Vivekananda Library, MDU Rohtak